header

Orienting Canada (Record no. 125376)

MARC details
000 -LEADER
fixed length control field 01747nam a2200421 a 4500
100 1# - MAIN ENTRY--AUTHOR NAME
Personal name Price, John.
245 10 - TITLE STATEMENT
Title Orienting Canada
260 ## - PUBLICATION, DISTRIBUTION, ETC. (IMPRINT)
Place of publication Vancouver, B.C. :
Name of publisher UBC Press,
Year of publication 2011.
300 ## - PHYSICAL DESCRIPTION
Number of Pages xiv, 445 p.
505 0# - FORMATTED CONTENTS NOTE
Formatted contents note pt. 1. Race, empire, and war -- pt. 2. Pax Americana : race, anti-communism, and Asia.
650 #0 - SUBJECT ADDED ENTRY--TOPICAL TERM
Topical Term Imperialism
856 40 - ELECTRONIC LOCATION AND ACCESS
Uniform Resource Identifier http://site.ebrary.com/lib/rucke/Doc?id=10492762

No items available.

© 2026 Rongo University
Contact us: librarian | system librarian | Rongo university